Score 0/13 Timer 03:00
3 Plays Today
% Correct
The Miserable Mill
77.3%
The Austere Academy
72.9%
The Ersatz Elevator
71.6%
The Wide Window
70.8%
The Bad Beginning
69.5%
The Reptile Room
67.9%
The End
67.4%
The Carnivorous Carnival
63.2%
The Hostile Hospital
61.8%
The Slippery Slope
59.9%
The Grim Grotto
57%
The Vile Village
56.6%
The Penultimate Peril
53.9%
Remove Ads.
Support Sporcle.
Get the best of Sporcle when you Go Orange. This ad-free experience offers more features, more stats, and more fun while also helping to support Sporcle. Thank you for becoming a member.

You're not logged in!

Compare scores with friends on all Sporcle quizzes.
OR
Log In

Show Comments

Extras

Top Quizzes Today


Score Distribution

Your Account Isn't Verified!

In order to create a playlist on Sporcle, you need to verify the email address you used during registration. Go to your Sporcle Settings to finish the process.

Report this User

Report this user for behavior that violates our Community Guidelines.

Details: